书目信息 |
| 书名: | The three conceited kittens | |
| 作者: | Yen Wen-ching ; [illustrated by Wang Chih-hua, Mao Yung-kun] | |
| 分册号: | ||
| 分册名: | 出版地: | Peking : |
|
| 出版社: | Foreign Languages Press | |
| 出版时间: | 1979. | |
| 页数: | 177 p. | |
| 开本: | ||
| 丛书名: | ||
| 中图分类号: | ||
| 科图分类号: | ||
| 其他分类号: | H319.4 | |
| 主题词: | ||
| 电子资源: | ||
| 000 | 00968nam 2200277 a 4500 | |
| 001 | E0752654511 | |
| 005 | 20070227144030.32 | |
| 008 | uu | |
| 020 | @cCNY1.00. | |
| 040 | @aNLC | |
| 041 | 1 | @aeng @hchi |
| 043 | @aa-cc--- | |
| 049 | @aN5LA | |
| 090 | @a2C/I287.7/YWC///////////257522-24/ 3cop./904334/ cop.4/957535-37/ cop.5-7 | |
| 090 | @aH319.4 | |
| 096 | @aI287.7 @v2 | |
| 099 | @dH319.4@ex111 | |
| 100 | 1 | @aYan, Wenjing. |
| 240 | 10 | @aSan zhi jiao ao de xiao mao. @lEnglish |
| 242 | 10 | @a三只骄傲的小猫(英语版) / @c严文井 著 @ychi |
| 245 | 14 | @aThe three conceited kittens / @cYen Wen-ching ; [illustrated by Wang Chih-hua, Mao Yung-kun] |
| 250 | @a1st ed. | |
| 260 | @aPeking :@bForeign Languages Press,@c1979. | |
| 300 | @a177 p. | |
| 650 | 0 | @aChildren's stories, Chinese @xTranslations into English. @b00 @c20020930 @lNLC09 @h2246 @lNLC09 @h2303 @lNLC09 @h1854 @b40 @c20030604 @lNLC09 @h1857 |
| 852 | 9 | @bWWJC @cJ08S @k2C @hI287.7 @iYWC |
| The three conceited kittens / / Yen Wen-ching ; [illustrated by Wang Chih-hua, Mao Yung-kun].-1st ed.-Peking : : Foreign Languages Press, , 1979. |
| 177 p. |
| ISBN CNY1.00. |
| ● |
| 相关链接 |
|
|
|
|
正题名:three conceited kittens
索取号:H319.4/x111
 
预约/预借
| 序号 | 登录号 | 条形码 | 馆藏地/架位号 | 状态 | 备注 |
| 1 | 23786 | 001190099 | 第四借阅区/ [索取号:H319.4/x111] | 在馆 | |
| 2 | 23787 | 001190062 | 第四借阅区/ [索取号:H319.4/x111] |
已借出,限还日期为2026.05.18 借出人:张金银 |
|
| 3 | 23788 | 001190071 | 第四借阅区/ [索取号:H319.4/x111] | 在馆 | |
| 4 | 23789 | 001190026 | 第四借阅区/ [索取号:H319.4/x111] | 在馆 | |
| 5 | 23790 | 001190035 | 第四借阅区/ [索取号:H319.4/x111] | 在馆 | |
| 6 | 23791 | 001190106 | 第四借阅区/ [索取号:H319.4/x111] | 在馆 | |
| 7 | 23792 | 001190080 | 第四借阅区/ [索取号:H319.4/x111] | 在馆 | |
| 8 | 23793 | 001190044 | 第四借阅区/ [索取号:H319.4/x111] | 在馆 | |
| 9 | 23794 | 001190053 | 第四借阅区/ [索取号:H319.4/x111] | 在馆 | |
| 10 | 23795 | 001190017 | 第四借阅区/ [索取号:H319.4/x111] | 在馆 |